REMR Management Systems--BREAKWATER computer program user manual (version 1.0) /

Bibliographic Details
Main Author: Aguirre, Richardo
Corporate Author: Construction Engineering Research Laboratories (U.S.)
Other Authors: Plotkin, Don
Format: Government Document Microform Book
Language:English
Published: [Champaign, Ill.] : US Army Corps of Engineers, Construction Engineering Research Laboratories ; [1998]
Series:Technical report REMR-OM ; 20.
Subjects:
Online Access:HTML version
Adobe Acrobat reader required

MARC

Tag First Indicator Second Indicator Subfields
LEADER 00000cam a2200000 a 4500
001 in00000001662
005 20151007050627.0
007 he bmb024bbca
008 981029s1998 ilu bf f000 0 eng d
035 |a (OCoLC)ocm43811609 
035 |9 AJC4076AM 
040 |d GPO  |d DLC  |d MvI  |d UtOrBLW 
043 |a n-us--- 
049 |a UMIC  |a WWW 
074 |a 0335-A (MF) 
074 |a 0335-A (online) 
086 0 |a D 103.53:REMR-OM-20 
100 1 |a Aguirre, Richardo. 
245 1 0 |a REMR Management Systems--BREAKWATER computer program user manual (version 1.0) /  |c by Ricardo Aguirre and Donald E. Plotkin. 
246 2 |a REMR Management Systems BREAKWATER computer program user manual (version 1.0) 
246 1 |i At head of title:  |a Repair, Evaluation, Maintenance, and Rehabilitation Research Program 
246 3 |a BREAKWATER computer program user manual (version 1.0) 
264 1 |a [Champaign, Ill.] :  |b US Army Corps of Engineers, Construction Engineering Research Laboratories ;  |c [1998] 
264 2 |a [Springfield, Va.] :  |b [National Technical Information Service, distributor], 
300 |a iv, 107 pages ;  |c 28 cm. 
336 |a text  |b txt  |2 rdacontent 
337 |a microform  |b h  |2 rdamedia 
338 |a microfiche  |b he  |2 rdacarrier 
490 1 |a Technical report REMR-OM ;  |v 20 
500 |a Shipping List #: 98-1121-M 
500 |a Shipping List Date: 10/19/98 
513 |a Final report. 
500 |a Shipping list number: 98-1121-M. 
500 |a "July 1998." 
536 |a Headquarters, US Army Corps of Engineers.  |d CWIS 32673. 
533 |a Microfiche.  |b [Washington, D.C.] :  |c Supt. of Docs., U.S. G.P.O.,  |d [1998]  |e 2 microfiches : negative. 
530 |a Also available via Internet from the Construction Engineering Research Laboratories web site. Address as of 7/7/2000: http://owww.cecer.army.mil/techreports/plobreak.mas/Plobreak.htm (hypertext version), http://www.cecer.army.mil/techreports/plobreak.mas/PLOBREAK.MAS.post.PDF (PDF version); current access is available via PURL. 
500 |a Microform. 
650 0 |a Rubble mound breakwaters  |x Maintenance and repair  |x Data processing  |v Handbooks, manuals, etc. 
650 0 |a BREAKWATER (Computer program)  |v Handbooks, manuals, etc. 
700 1 |a Plotkin, Don. 
710 2 |a Construction Engineering Research Laboratories (U.S.) 
830 0 |a Technical report REMR-OM ;  |v 20. 
856 4 1 |3 HTML version  |u http://owww.cecer.army.mil/techreports/plobreak.mas/Plobreak.htm  |t 0 
856 4 1 |3 PDF version  |u http://www.cecer.army.mil/techreports/plobreak.mas/PLOBREAK.MAS.post.PDF  |z Adobe Acrobat reader required  |t 0 
999 |a MARS 
999 f f |s 00286666-6190-336a-9ef2-2814802b4e8b  |i c26a51d1-fd40-3698-9fe5-b81b60c95492  |t 0 
952 f f |p normal  |a Texas A&M University  |b College Station  |c Sterling C. Evans Library  |d Evans: US Documents Microfiche (3rd floor)  |t 0  |e D 103.53:REMR-OM-20  |h Superintendent of Documents classification  |i microform -- microfiche  |m A14824413719 
952 f f |a Texas A&M University  |b College Station  |c Electronic Resources  |d Available Online  |t 0  |e D 103.53:REMR-OM-20  |h Superintendent of Documents classification 
998 f f |a D 103.53:REMR-OM-20  |t 0  |l Evans: US Documents Microfiche (3rd floor) 
998 f f |a D 103.53:REMR-OM-20  |t 0  |l Available Online